| Tag |
First Indicator |
Second Indicator |
Subfields |
| LEADER |
00000cam a22000001a 4500 |
| 001 |
in00003201049 |
| 006 |
m d f |
| 007 |
cr bn mmmapmmp |
| 008 |
090623s1960 dcu o f000 0 eng d |
| 005 |
20260504170318.9 |
| 035 |
|
|
|a cis2007428868
|
| 040 |
|
|
|a UMI
|c UMI
|d UtOrBLW
|
| 043 |
|
|
|a n-us---
|
| 086 |
0 |
|
|a Y 4.J 89/2:C 73/27/pt.6
|
| 099 |
|
|
|a HRG-1960-SJS-0034
|
| 110 |
1 |
|
|a United States.
|b Congress.
|b Senate.
|b Committee on the Judiciary.
|b Subcommittee to Investigate the Administration of the Internal Security Act and Other Internal Security Laws.
|
| 245 |
1 |
0 |
|a Communist Threat to the U.S. Through the Caribbean.
|n Part 6 :
|b hearings before the United States Senate Committee on the Judiciary, Subcommittee To Investigate the Administration of the Internal Security Act and Other Internal Security Laws, Eighty-Sixth Congress, second session, on May 26, 1960.
|
| 264 |
|
1 |
|a Washington :
|b U.S. G.P.O.,
|c 1960.
|
| 300 |
|
|
|a 1 online resource.
|
| 336 |
|
|
|a text
|b txt
|2 rdacontent
|
| 337 |
|
|
|a computer
|b c
|2 rdamedia
|
| 338 |
|
|
|a online resource
|b cr
|2 rdacarrier
|
| 500 |
|
|
|a Record is based on bibliographic data in ProQuest Congressional Hearings Digital Collection. Reuse except for individual research requires license from ProQuest, LLC.
|
| 520 |
|
|
|a Continuation of hearings on communist activities in the Caribbean. Focuses on allegations that the communist takeover in Cuba so seriously damaged the quality of Cuba's air traffic control system that further U.S. use of Cuban air space might be extremely dangerous.
|
| 538 |
|
|
|a System requirements: PDF reader software.
|
| 500 |
|
|
|a Electronic resource.
|
| 650 |
|
0 |
|a Communism
|z Cuba.
|
| 650 |
|
0 |
|a Air traffic control
|z Cuba.
|
| 655 |
|
7 |
|a Electronic books.
|2 local
|
| 710 |
2 |
|
|a ProQuest (Firm)
|
| 776 |
0 |
8 |
|i Print version:
|a United States. Congress. Senate. Committee on the Judiciary. Subcommittee to Investigate the Administration of the Internal Security Act and Other Internal Security Laws.
|t Communist Threat to the U.S. Through the Caribbean
|
| 776 |
0 |
8 |
|i Microfiche version:
|a United States. Congress. Senate. Committee on the Judiciary. Subcommittee to Investigate the Administration of the Internal Security Act and Other Internal Security Laws.
|t Communist Threat to the U.S. Through the Caribbean.
|d [Bethesda, Md.] : ProQuest,[2004]
|o CIS Hrgs MF Gp 3--(86) S1422-4-A
|w (ProQuest)cis10702911
|
| 830 |
|
0 |
|a U.S. Congressional Hearings.
|
| 856 |
4 |
0 |
|u http://proxy.library.tamu.edu/login?url=https://congressional.proquest.com/congcomp/getdoc?HEARING-ID=HRG-1960-SJS-0034
|z Connect to the full text of this electronic book
|t 0
|
| 998 |
|
|
|a cis10702911
|
| 999 |
|
|
|a MARS
|
| 999 |
f |
f |
|s 42c13060-c99a-30a1-bec1-d3308df97b1b
|i 350eebc5-2e55-31e7-9d10-df11a75f18a3
|t 0
|
| 952 |
f |
f |
|a Texas A&M University
|b College Station
|c Electronic Resources
|s www_evans
|d Available Online
|t 0
|e HRG-1960-SJS-0034
|h Other scheme
|
| 998 |
f |
f |
|a HRG-1960-SJS-0034
|t 0
|l Available Online
|